The Dorling Kindersley children's illustrated encyclopedia

Αποθηκεύτηκε σε:
Λεπτομέρειες βιβλιογραφικής εγγραφής
Άλλοι συγγραφείς: Kramer, Ann (Επιμελητής έκδοσης)
Μορφή: Βιβλίο
Γλώσσα:English
Δημοσίευση: London : Dorling Kindersley, 1991
Σειρά:Dorling Kindersley book
Θέματα:
Ετικέτες: Προσθήκη ετικέτας
Δεν υπάρχουν, Καταχωρήστε ετικέτα πρώτοι!

MARC

LEADER 00000nam a2200000 i 4500
001 1/76127
008 971113s1991 eng d
020 |a 0-86318-629-7 
035 |a 1993  |b 1  |c Τσουτσουλοπούλου  |l 10032314 
040 |a GR-MY-UA  |b gre  |e aacr 
041 0 |a eng 
082 0 |a Π 031 
245 1 4 |a The Dorling Kindersley children's illustrated encyclopedia /  |c editor Ann Kramer 
260 |a London :   |b Dorling Kindersley,   |c 1991 
300 |a 644 p. 
490 1 |a Dorling Kindersley book 
650 0 0 |a Children's encyclopedias and dictionaries. 
650 0 0 |a Encyclopedias and dictionaries. 
700 1 |a Kramer, Ann.  |4 edt 
830 0 |a Dorling Kindersley book 
852 |a INST  |b RHODES  |e 19971113  |h 031 DOR  |p 005400009734  |q 005400009734  |t REF  |y 23 
901 |a BIBL-1997-2 
909 |a Ρ  |b 026792  |c 1993